| 000 | 00467nam a2200145 a 4500 | ||
|---|---|---|---|
| 001 | 000039671 | ||
| 005 | 20201002033654.0 | ||
| 008 | 130715s2001 gr 000 0 spa d | ||
| 040 |
_aDO-SdBNP _bspa _cBNPHU |
||
| 245 | 0 |
_aPoesía Hebrea moderna : _bantología / _cTraducción y compilación Arié Comey. |
|
| 250 | _a2a ed. corr. y amp. | ||
| 260 |
_aJerusalen, Israel : _bL. B. Publishing, _c2001. |
||
| 300 |
_a307 p. ; _c23 cm. |
||
| 700 | 1 |
_aComey, Arié, _ecomp. _965863 |
|
| 999 |
_c39161 _d39161 |
||